000 00312nam a22001337a 4500
020 _a978-93-86429-25-4
082 _a894.812.3
_bSUR/V
100 _aSOORYAGANTHAN
245 _aORU VAYALINTE KADHA
260 _aTHRISSUR
_bCURRENT BOOKS
_c2018
300 _a111
650 _aMALAYALM STORIES
_zKERALA
942 _cBK
999 _c7134
_d7134